000 00696nas a2200241 4500
001 BR9102984
003 BR-BrBNA
005 20231205092036.0
007 ta
008 230509b bl.|||p| |||| 00| 00por d
040 _aBR-BrBNA
_bpor
_cBiblioteca Nacional de Agricultura
041 _a(Pt)
072 _aQ02; E70
100 1 _aPedroso, M.J.
245 1 _aGusmao culpa os torrefadores [cafe tratado, preco]
650 _aCAFE TRATADO
650 _aPROCESSAMENTO
650 _aTORREFACAO
650 _aPRECO
773 0 _tAgricultura de Hoje (Brazil)
_xISSN 0100-5707
_g(Jan-Feb 1986), v. 10(112) p. 20-21
_wBR9102984
909 _a202311
_bLúcia
_c55
_dLúcia Elande
942 _2AGRIS
_n0
_cANA
999 _c128877
_d128877